00436nam a2200145Ia 4500003000900000008004100009040001600050080001600066100001900082245010600101260003300207300001400240650001900254650001700273IN-BaIIA211028s9999 xx 000 0 eng d cIIA Library a535.33bBUR aBurakow, V. S. 0aPractical handbook on spectral analysisc V. S. Burakow  aOxfordbPergamon Pressc1964 axiv,190p. aNASA Thesaurus aSpectroscopy